000 00424nam a22001697a 4500
003 OSt
005 20160628103854.0
008 160628b xxu||||| |||| 00| 0 eng d
020 _a9780495901129
040 _cN/A
050 _aPE 1449
_b.R5 2011
100 _aMargare Ann Richek
245 _aThe world of words
_bvocabulary for college success
250 _a8th ed
260 _aBrazil
_bWadsworth
942 _2lcc
_cBK
999 _c254692
_d254691